| 000 | 00768cab a2200229 4500 | ||
|---|---|---|---|
| 001 | ABS53878 | ||
| 008 | 090401t1995 xxu||||| |||| 00| 0 eng d | ||
| 035 | _a(Sirsi) u7104 | ||
| 041 | _aeng | ||
| 100 | _aDavis, A. | ||
| 245 | 4 | _aThe building control officer: help or hindrance? | |
| 260 | _c1995 | ||
| 350 | _a0 | ||
| 490 |
_aBuilding Services _v17(11) November 1995, 41(1) |
||
| 520 | _aExamines the role of the building control officer, what they are responsible for and how to consult them effectively in order to comply with building regulations. | ||
| 650 | _aBUILDING CONTROL OFFICERS | ||
| 650 |
_aBUILDING CONTROL _96222 |
||
| 650 |
_aBUILDING REGULATIONS _96224 |
||
| 690 | _aBUILDING AND CONSTRUCTION-CONTROL | ||
| 942 | _n0 | ||
| 948 | _c04/03/1997 | ||
| 999 |
_c4243 _d4243 |
||